Business policy and strategy: concepts and readings Ed 4 (Record no. 214606)
[ view plain ]
| 000 -LEADER | |
|---|---|
| fixed length control field | 00572nam a2200181Ia 4500 |
| 008 - FIXED-LENGTH DATA ELEMENTS--GENERAL INFORMATION | |
| fixed length control field | 210719s1996 xx 000 0 und d |
| 041 ## - LANGUAGE CODE | |
| Language code of text/sound track or separate title | eng |
| 082 ## - DEWEY DECIMAL CLASSIFICATION NUMBER | |
| Classification number | 658.0068 MCCB |
| 100 ## - MAIN ENTRY--PERSONAL NAME | |
| Personal name | McCarthy (Daniel J);MINICHIELLO (Robert J);CURRAN (Joseph R) |
| 245 ## - TITLE STATEMENT | |
| Title | Business policy and strategy: concepts and readings Ed 4 |
| 250 ## - EDITION STATEMENT | |
| Edition statement | 4 |
| 260 ## - PUBLICATION, DISTRIBUTION, ETC. | |
| Place of publication, distribution, etc. | Illinois |
| Name of publisher, distributor, etc. | Richard D Irwin, Inc. |
| Date of publication, distribution, etc. | 1996 |
| 300 ## - PHYSICAL DESCRIPTION | |
| Extent | xii,528 |
| Other physical details | PB |
| 365 ## - TRADE PRICE | |
| Price amount | 110 |
| Currency code | Rs |
| 650 ## - SUBJECT ADDED ENTRY--TOPICAL TERM | |
| Topical term or geographic name entry element | Management |
| 650 ## - SUBJECT ADDED ENTRY--TOPICAL TERM | |
| Topical term or geographic name entry element | Management |
| 906 ## - LOCAL DATA ELEMENT F, LDF (RLIN) | |
| a | 4 ; and ; Business ; concepts ; Ed ; policy ; readings ; strategy: |
| Withdrawn status | Lost status | Damaged status | Not for loan | Collection code | Home library | Current library | Date acquired | Cost, normal purchase price | Total Checkouts | Full call number | Barcode | Date last seen | Price effective from | Koha item type |
|---|---|---|---|---|---|---|---|---|---|---|---|---|---|---|
| St Aloysius Library | St Aloysius Library | 03/13/2008 | 110.00 | 658.0068 MCCB | D03218 | 07/19/2021 | 07/19/2021 | Donated Books |